Logo BPK

Biblioteka

Politechniki Koszalińskiej

Domennaja elektriceskaja neustojcivost v poluprovodnikach / (Rekord nr 14778)

Szczegóły MARC
000 -ETYKIETA REKORDU
podpole kontrolne o stałej długości 00462nam a2200169 i 4500
001 - NUMER KONTROLNY REKORDU
pole kontrolne bg
040 ## - ŹRÓDŁO KATALOGOWANIA
Instytucja, która utworzyła rekord BPK
041 ## - KOD JĘZYKA
Kod języka tekstu pol
080 ## - UNIWERSALNA KLASYFIKACJA DZIESIĘTNA - UKD
UKD 537.311.33
008 - POLE O STAŁEJ DŁUGOŚCI - DANE KONTROLNE
podpole kontrolne o stałej długości s pl f |000 0 pol
100 1# - NAZWA OSOBOWA
Nazwa osobowa BONC-BRUEVIC, V. L.
245 #0 - TYTUŁ/ODPOWIEDZIALNOŚĆ
Tytuł Domennaja elektriceskaja neustojcivost v poluprovodnikach /
Pozostałe elementy strefy tytułu i oznaczenia odpowiedzialności V.L. Bonc-Bruevic, J.P. Zvjagin, A.G. Mironov.
260 ## - STREFA ADRESU WYDAWNICZEGO
Miejsce wydania Moskva,
Data publikacji, dystrybucji/powstania dokumentu 1972.
700 1# - HASŁO DODATKOWE - NAZWA OSOBOWA
Nazwa osobowa ZVJAGIN, I. P.
700 1# - HASŁO DODATKOWE - NAZWA OSOBOWA
Nazwa osobowa MIRONOV, A. G.
856 ## - LOKALIZACJA I DOSTĘP DO ELEKTRONICZNYCH DOKUMENTÓW ZDALNYCH
Link (URL) http://koha.tu.koszalin.pl/cgi-bin/koha/opac-detail.pl?biblionumber=14778
Tekst linku Katalog online BPK
942 ## - DODATKOWE ELEMENTY (KOHA)
Typ dokumentu Książka
Egzemplarze
Wycofany Status egzemplarza Uszkodzony Dostępność Lokalizacja stała Lokalizacja bieżąca Miejsce przechowywania Sygnatura Kod kreskowy Typ dokumentu Numer ubytku
      Dostępny Biblioteka Politechniki Koszalińskiej Biblioteka Politechniki Koszalińskiej Wypożyczalnia BG 14751 01725308 Książka  
  Egz. niedostępny   Niedostępny Biblioteka Politechniki Koszalińskiej Biblioteka Politechniki Koszalińskiej   15347 01728323 Książka 8839
  Egz. niedostępny   Niedostępny Biblioteka Politechniki Koszalińskiej Biblioteka Politechniki Koszalińskiej   16695 01736984 Książka 11618
© 2023 Biblioteka Politechniki Koszalińskiej :: KOHA